Bộ mặt của mỹ thuật Việt Nam bao giờ sẽ khác /
Na minha lista:
| Autor principal: | |
|---|---|
| Formato: | Artigo |
| Idioma: | Vietnamese |
| Assuntos: | |
| Tags: |
Adicionar Tag
Sem tags, seja o primeiro a adicionar uma tag!
|
| Thư viện lưu trữ: | Thư viện Trường Đại học Đà Lạt |
|---|
| LEADER | 00821nam a2200277 4500 | ||
|---|---|---|---|
| 001 | DLU170179332 | ||
| 005 | ##20170323 | ||
| 040 | # | # | |a DLU |b vie |
| 041 | # | # | |a vie |
| 044 | # | # | |a vn |
| 100 | # | # | |a Phạm Quốc Trung. |
| 245 | # | # | |a Bộ mặt của mỹ thuật Việt Nam bao giờ sẽ khác / |c Phạm Quốc Trung. |
| 653 | # | # | |a Hội họa |
| 653 | # | # | |a Lao động sáng tạo |
| 653 | # | # | |a Mỹ thuật Việt Nam |
| 653 | # | # | |a Nghệ sĩ |
| 773 | # | # | |t Tạp chí Văn hóa nghệ thuật |g Số 333, tháng 3-2012, tr.38-42 |
| 920 | # | # | |a Phòng Tạp chí -- Trung tâm Thông tin - Thư viện Trường Đại học Đà Lạt |
| 994 | # | # | |a DLU |
| 900 | # | # | |a True |
| 911 | # | # | |a Trần Thị Minh Hương |
| 925 | # | # | |a G |
| 926 | # | # | |a A |
| 927 | # | # | |a BB |
| 980 | # | # | |a Thư viện Trường Đại học Đà Lạt |